[Event "Kimry-ch op"]
[Site "Kimry"]
[Date "2017.01.05"]
[Round "6"]
[White "Akimov, Andrey"]
[Black "Balanin, Pavel"]
[Result "1-0"]
[WhiteElo "1523"]
[BlackElo "1394"]
[PlyCount "46"]
[EventDate "2017.01.02"]
[EventType "swiss"]
[EventRounds "9"]
[EventCountry "RUS"]
[SourceTitle "EXT 2018"]
[Source "ChessBase"]
[SourceDate "2017.10.13"]
[SourceVersion "1"]
[SourceVersionDate "2017.10.13"]
[SourceQuality "1"]

1. e4 d5 2. exd5 Nf6 3. c4 c6 4. dxc6 Nxc6 5. d3 e5 6. Nc3 Bf5 7. Be3 Bb4 8. a3 Bxc3+ 9. bxc3 e4 10. d4 0-0 11. h3 Qa5 12. Qd2 Rfd8 13. Ne2 Rac8 14. Ng3 Bg6 15. Be2 Ne5 16. 0-0 Nxc4 17. Bxc4 Rxc4 18. Qb2 Rxc3 19. Bd2 Rdc8 20. Qxb7 Qd8 21. Bxc3 Rxc3 22. Qxa7 Rc7 23. Qa5 Rd7 1-0

[Event "Kimry-ch op"]
[Site "Kimry"]
[Date "2017.01.04"]
[Round "4"]
[White "Akimov, Andrey"]
[Black "Burov, Vyacheslav"]
[Result "1-0"]
[WhiteElo "1523"]
[BlackElo "1284"]
[PlyCount "77"]
[EventDate "2017.01.02"]
[EventType "swiss"]
[EventRounds "9"]
[EventCountry "RUS"]
[SourceTitle "EXT 2018"]
[Source "ChessBase"]
[SourceDate "2017.10.13"]
[SourceVersion "1"]
[SourceVersionDate "2017.10.13"]
[SourceQuality "1"]

1. e4 e5 2. Nf3 Nc6 3. Bb5 d6 4. Bxc6+ bxc6 5. c4 Nf6 6. Nc3 Bg4 7. h3 Bh5 8. d3 d5 9. g4 Bg6 10. Nxe5 d4 11. Nxg6 fxg6 12. Ne2 Bd6 13. a3 0-0 14. Nxd4 Qd7 15. Qa4 c5 16. Qxd7 Nxd7 17. Nc2 Ne5 18. Ke2 Rf7 19. f4 Nc6 20. e5 Be7 21. Be3 Rb8 22. Rab1 g5 23. e6 Rf6 24. f5 g6 25. Bxg5 Rbf8 26. Bh6 Rd8 27. Rhf1 Bf8 28. Bxf8 Rfxf8 29. f6 Rb8 30. e7 Rfe8 31. f7+ Kg7 32. fxe8Q Rb7 33. Qf7+ Kh6 34. h4 Nd4+ 35. Nxd4 cxd4 36. g5+ Kh5 37. Rh1 Rxb2+ 38. Rxb2 Kg4 39. Qf3# 1-0

[Event "Kimry-ch op"]
[Site "Kimry"]
[Date "2017.01.04"]
[Round "5"]
[White "Zorina, Elizaveta1"]
[Black "Akimov, Andrey"]
[Result "1-0"]
[WhiteElo "1887"]
[BlackElo "1523"]
[PlyCount "79"]
[EventDate "2017.01.02"]
[EventType "swiss"]
[EventRounds "9"]
[EventCountry "RUS"]
[SourceTitle "EXT 2018"]
[Source "ChessBase"]
[SourceDate "2017.10.13"]
[SourceVersion "1"]
[SourceVersionDate "2017.10.13"]
[SourceQuality "1"]

1. e4 e5 2. Nf3 Nc6 3. Bc4 h6 4. d4 exd4 5. 0-0 Bc5 6. c3 dxc3 7. Bxf7+ Kxf7 8. Qd5+ Kf8 9. Qxc5+ Qe7 10. Qxe7+ Ngxe7 11. Nxc3 a6 12. a3 d6 13. h3 Be6 14. Be3 Ng6 15. Nd2 Nge5 16. b3 Na5 17. f4 Nd7 18. Rab1 b5 19. Ne2 c5 20. f5 Bf7 21. Nf4 Ke7 22. Rfc1 Nc6 23. Nf3 Nce5 24. Nxe5 Nxe5 25. Rd1 a5 26. Nd5+ Bxd5 27. Rxd5 Nd7 28. Bf4 Ra6 29. Rbd1 Ne5 30. Bxe5 dxe5 31. Rxe5+ Kf6 32. Rxc5 Re8 33. Rd4 Re5 34. Rc7 a4 35. b4 Rb6 36. Kf2 g6 37. g4 h5 38. Kg3 Kg5 39. h4+ Kf6 40. g5# 1-0

[Event "Kimry Summer op"]
[Site "Kimry"]
[Date "2016.08.30"]
[Round "6"]
[White "Bragin, Karl"]
[Black "Akimov, Andrey"]
[Result "1/2-1/2"]
[WhiteElo "1598"]
[BlackElo "1504"]
[PlyCount "139"]
[EventDate "2016.08.28"]
[EventType "swiss"]
[EventRounds "7"]
[EventCountry "RUS"]
[SourceTitle "CBM 174 Extra"]
[Source "ChessBase"]
[SourceDate "2016.10.10"]
[SourceVersion "1"]
[SourceVersionDate "2016.10.10"]
[SourceQuality "1"]

1. Nf3 c5 2. d4 cxd4 3. Nxd4 e5 4. Nb5 Qb6 5. N1c3 Bc5 6. e3 Nf6 7. a3 Be7 8. Bc4 Qc6 9. Bd5 Nxd5 10. Qxd5 Qxd5 11. Nxd5 Bd6 12. Nbc3 Na6 13. b4 Nc7 14. Ke2 b6 15. Rd1 Ba6+ 16. Ke1 Bb7 17. f3 Nxd5 18. Nxd5 Bb8 19. Bb2 d6 20. e4 Kd7 21. Kf2 Ke6 22. f4 f5 23. exf5+ Kxf5 24. fxe5 dxe5 25. Ne3+ Ke6 26. c4 Bd6 27. Rd2 Rhf8+ 28. Kg1 Rf4 29. Rad1 Be7 30. Nd5 Bxd5 31. cxd5+ Kd6 32. Rc2 Bf6 33. Rc6+ Kd7 34. b5 Rc8 35. Rdc1 Ra8 36. Bc3 e4 37. Bxf6 gxf6 38. g3 Rf3 39. Re6 Re8 40. Rcc6 Rxe6 41. Rxe6 f5 42. a4 Ra3 43. Re5 Rxa4 44. Rxf5 Kd6 45. Rh5 e3 46. Kf1 Ra2 47. h4 Kc5 48. Rxh7 Kxb5 49. d6 a5 50. d7 Rd2 51. Re7 a4 52. Rxe3 Rxd7 53. h5 Kb4 54. Re4+ Kb3 55. Re3+ Kc4 56. g4 Rg7 57. Re4+ Kb3 58. h6 Rf7+ 59. Kg2 a3 60. Re3+ Ka4 61. g5 a2 62. Re1 Rh7 63. Kg3 b5 64. Kg4 b4 65. Kh5 b3 66. g6 b2 67. gxh7 b1Q 68. Rxb1 axb1Q 69. h8Q Qf5+ 70. Kh4 1/2-1/2

[Event "Kimry Summer op"]
[Site "Kimry"]
[Date "2015.06.11"]
[Round "7"]
[White "Chernyaev, Vladimir"]
[Black "Akimov, Andrey"]
[Result "0-1"]
[WhiteElo "1593"]
[BlackElo "1408"]
[PlyCount "106"]
[EventDate "2015.06.08"]
[EventType "swiss"]
[EventRounds "7"]
[EventCountry "RUS"]
[SourceTitle "CBM 167 Extra"]
[Source "ChessBase"]
[SourceDate "2015.09.14"]
[SourceVersion "1"]
[SourceVersionDate "2015.09.14"]
[SourceQuality "1"]

1. d4 d5 2. c4 e6 3. e3 Nf6 4. Nf3 c5 5. cxd5 Qxd5 6. Nc3 Qd8 7. Bb5+ Bd7 8. 0-0 a6 9. Qa4 Nc6 10. Bxc6 Bxc6 11. Qd1 b5 12. dxc5 Bxc5 13. Nd4 Bb7 14. Qb3 0-0 15. Rd1 Qc7 16. Bd2 Ng4 17. g3 Ne5 18. Rac1 Qb6 19. Ncxb5 axb5 20. Rxc5 Qxc5 21. Bb4 Qd5 22. Qxd5 Bxd5 23. Bxf8 Kxf8 24. a3 Nf3+ 25. Nxf3 Bxf3 26. Rc1 Rd8 27. Kf1 Rd1+ 28. Rxd1 Bxd1 29. Ke1 Bb3 30. Kd2 Ke7 31. Kc3 Bd5 32. Kb4 Bc6 33. Kc5 Be8 34. b3 h5 35. e4 e5 36. f4 Ke6 37. f5+ Kf6 38. h4 g5 39. fxg6 fxg6 40. Kd6 Bf7 41. b4 Bc4 42. Kc5 Bd3 43. Kd5 Be2 44. Kd6 Bf1 45. Kc5 Ke6 46. Kc6 Be2 47. Kc5 Kf6 48. Kd6 g5 49. Kd5 Bf3 50. hxg5+ Kxg5 51. Kxe5 Kg4 52. Kd4 Kxg3 53. e5 h4 0-1